书目信息 |
| 书名: | Camel Xiangzi | |
| 作者: | Lao She ; translated by Shi Xiaoqing. | |
| 分册号: | ||
| 分册名: | 出版地: | Bloomington : |
|
| 出版社: | Indiana University Press | |
| 出版时间: | c1981. | |
| 页数: | 236 p. ; | |
| 开本: | 22 cm. | |
| 丛书名: | ||
| 中图分类号: | ||
| 科图分类号: | ||
| 其他分类号: | H319.4 | |
| 主题词: | ||
| 电子资源: | ||
| 000 | 00871cam 2200289 a 45x0 | |
| 001 | E0755114030 | |
| 003 | OCoLC | |
| 005 | 20070209151918.81 | |
| 008 | 030504s1981 inu s000 1 eng | |
| 010 | @a 81047584 //r88 | |
| 020 | @a0253312965. | |
| 020 | @a0253202752 (pbk.). | |
| 040 | @aDLC@cDLC | |
| 041 | 1 | @aengchi |
| 050 | 00 | @aPL2804.C5@bL613 1981 |
| 082 | 0 | @a895.1/35 @2 19 |
| 090 | @aK276/W5.1 | |
| 090 | @aH319.4 | |
| 099 | @dH319.4@ex216 | |
| 100 | 1 | @aLao She (老舍) |
| 240 | 10 | @aluo tuo xiang zi (骆驼祥子).@lEnglish |
| 245 | 10 | @aCamel Xiangzi / @cLao She ; translated by Shi Xiaoqing. |
| 260 | @aBloomington :@bIndiana University Press ;@aBeijing :@bForeign Languages Press,@cc1981. | |
| 300 | @a236 p. ;@c22 cm. | |
| 500 | @aTranslation of: Lo t皁 Hsiang-tzu. | |
| 600 | 10 | @aShi, Xiaoqing. |
| 920 | @a232010@z2 | |
| Camel Xiangzi / / Lao She ; translated by Shi Xiaoqing.-Bloomington : : Indiana University Press ; ; Beijing : : Foreign Languages Press, , c1981. |
| 236 p. ; ; 22 cm. |
| Translation of: Lo t皁 Hsiang-tzu. |
| ISBN 0253312965. |
| ● |
| 相关链接 |
|
|
|
|
正题名:Camel Xiangzi
索取号:H319.4/x216
 
预约/预借
| 序号 | 登录号 | 条形码 | 馆藏地/架位号 | 状态 | 备注 |
| 1 | 45964 | 001425372 | 第四借阅区/ [索取号:H319.4/x216] | 在馆 | |
| 2 | 45965 | 001425363 | 第四借阅区/ [索取号:H319.4/x216] | 在馆 |